| 000 | 00692nam a2200241 i 4500 | ||
|---|---|---|---|
| 001 | 000030676 | ||
| 003 | DO-SdBNP | ||
| 005 | 20260212085403.0 | ||
| 007 | ta | ||
| 008 | 110525s20uu dr 000 0 spa d | ||
| 040 |
_aDO-SdBNP _bspa _cBNPHU _erda |
||
| 041 | _aspa | ||
| 049 | _aBNPD | ||
| 082 | 4 |
_axxx _bN939a _222 |
|
| 245 | 0 | 3 |
_a90 años 1909-1993 : _bpor una mejor nación. |
| 246 | 1 | 0 |
_aNoventa años 1909-1993 : _bpor una mejor nación |
| 260 |
_a[Santo Domingo] : _bE. León Jiménes, _c[19--?]. |
||
| 300 |
_a[18] páginas ; _c21 cm. |
||
| 336 |
_atexto _btxt _2rdacontent |
||
| 337 |
_asin mediación _bn _2rdamedia |
||
| 338 |
_avolumen _bnc _2rdacarrier |
||
| 942 |
_2ddc _cLF2 |
||
| 999 |
_c30168 _d30168 |
||